| 000 | 01509nam0a2200337 4500 | ||
|---|---|---|---|
| 001 | RU\NLR\BIBL_A\011927851 | ||
| 005 | 20190312140007.0 | ||
| 010 |
_a978-5-17-106394-8 _95000 |
||
| 021 |
_aRU _bКН-П-18-100950 _9КН-П-18-7321 |
||
| 035 | _a(NLR Aleph) 011927851 | ||
| 035 | _a(RuMoRGB)009848281 | ||
| 090 |
_a11022444 _c11022444 |
||
| 100 | _a20190205d2018 b y0rusy50 ca | ||
| 101 | 0 | _arus | |
| 102 | _aRU | ||
| 105 | _aa|||z|||000zy | ||
| 200 | 1 |
_a100 упражнений для развития речи _e[для занятий взрослых с детьми (текст читают взрослые) _eдля дошкольного возраста _fсоставитель: В.Г. Дмитриева] |
|
| 210 |
_aМосква _cАСТ _d2018 |
||
| 215 |
_a47 с. _cцв. ил. _d14 |
||
| 225 | 1 | _aКарманная книжка малыша | |
| 333 | _a0+ | ||
| 517 | 1 | _aСто упражнений для развития речи | |
| 606 | 1 |
_aДошкольники _xРазвитие речи _9957151 _3RU\NLR\AUTH\66356888 |
|
| 610 | 0 | _aразвитие речи дошкольников | |
| 686 | 1 | _aЧ411.382.11 | |
| 702 | 1 |
_4220 _7ca _8rus _aДмитриева _bВ. Г. _cпедагог-методист, развивающее обучение _gВалентина Геннадьевна _942940 _3RU\NLR\AUTH\7760009 |
|
| 942 | _cBOOK | ||
| 980 | _aNBR | ||
| 980 | _aNB | ||